[Event "Championnat de la Loire 2017-2018"]
[Site "Loire"]
[Date "2017.12.23"]
[Round "3.19"]
[White "Schuhmann, Alain"]
[Black "Barrandon, Georges"]
[Result "1-0"]
[WhiteElo "1480"]
[BlackElo "1340"]
[PlyCount "125"]
[EventDate "2017.??.??"]

1. e4 c5 2. f4 Nc6 3. Nf3 d6 4. Bb5 g6 5. Bxc6+ bxc6 6. c4 Bg7 7. d3 e6 8. O-O
Ne7 9. Nbd2 O-O 10. Rb1 a5 11. b3 Bh6 12. Ne1 d5 13. Bb2 d4 14. Bc1 Qc7 15. Qg4
e5 16. Qh4 Bxf4 17. Ndf3 f6 18. Bxf4 exf4 19. Qh6 Rf7 20. Kh1 Kh8 21. Ng1 Ng8
22. Qxf4 Qd7 23. Nef3 Kg7 24. Rb2 h6 25. Rbf2 Ne7 26. Ne5 g5 27. Qf3 g4 28. Qf4
Ng6 29. Nxd7 Nxf4 30. Nxc5 Ng6 31. Ne2 Raa7 32. Nxd4 Ne5 33. Nde6+ Kg6 34. Nf4+
Kg7 35. d4 Nd7 36. Nce6+ Kh7 37. d5 cxd5 38. exd5 Ne5 39. Nh5 Nd7 40. Ng3 Kg6
41. Rf4 Ne5 42. Ne4 Nd7 43. Nd4 Ra6 44. h3 Ne5 45. R4f2 f5 46. Nc5 Raf6 47. Re2
Nd7 48. Nce6 Nb6 49. h4 f4 50. Re4 Kh5 51. Rfxf4 Rxf4 52. Rxf4 Rxf4 53. Nxf4+
Kxh4 54. d6 Bb7 55. c5 Nd5 56. Nxd5 Bxd5 57. d7 Kg3 58. d8=Q Bxg2+ 59. Kg1 h5
60. Ne2+ Kh3 61. Nf4+ Kg3 62. Nxg2 Kh3 63. Qh4# 1-0

[Event "Championnat de la Loire 2017-2018"]
[Site "Loire"]
[Date "2017.12.23"]
[Round "3.20"]
[White "Painvin, Bruno"]
[Black "Wille, Gaspar"]
[Result "0-1"]
[WhiteElo "1399"]
[BlackElo "1245"]
[PlyCount "86"]
[EventDate "2017.??.??"]

1. e4 c5 2. Nf3 d6 3. d4 cxd4 4. Nxd4 Nf6 5. Nc3 a6 6. Bg5 e6 7. h3 Be7 8. Be2
b5 9. a3 Nbd7 10. Nc6 Qb6 11. Nxe7 Kxe7 12. O-O h6 13. Be3 Qc6 14. Bf3 e5 15.
Nd5+ Kf8 16. Nxf6 Nxf6 17. Qd3 Bb7 18. Rad1 Rd8 19. Rd2 Nxe4 20. Bxe4 Qxe4 21.
Qxe4 Bxe4 22. Rfd1 Ke7 23. Bb6 Rd7 24. Ba5 Rc8 25. c3 d5 26. f3 Bg6 27. Rxd5
Rxd5 28. Rxd5 Ke6 29. Rd2 f5 30. Bb4 Kf7 31. Rd7+ Kf6 32. Rd6+ Kf7 33. Rxa6 e4
34. Kf2 Re8 35. fxe4 fxe4 36. Ke3 Rd8 37. Ra7+ Kg8 38. Ra5 Rd3+ 39. Kf4 Rd2 40.
Rxb5 Rxg2 41. b3 Re2 42. Kg3 Re3+ 43. Kf2 Rf3+ 0-1

[Event "Championnat de la Loire 2017-2018"]
[Site "Loire"]
[Date "2018.02.10"]
[Round "4.1"]
[White "Trottet, Francois"]
[Black "Philip, Sylvain"]
[Result "0-1"]
[WhiteElo "1632"]
[BlackElo "1677"]
[PlyCount "76"]
[EventDate "2018.??.??"]

1. e4 e6 2. d4 d5 3. e5 c5 4. c3 Nc6 5. Nf3 Qb6 6. Bd3 cxd4 7. cxd4 Bd7 8. Bc2
Nb4 9. Bb3 Qa6 10. Bc2 Rc8 11. Nc3 Nxc2+ 12. Qxc2 Bb4 13. a3 Ba4 14. axb4 Bxc2
15. Rxa6 bxa6 16. O-O Rb8 17. Ne1 Bg6 18. f4 Ne7 19. g4 Rxb4 20. Nf3 Kd7 21.
Rf2 Rhb8 22. h4 h5 23. g5 Nf5 24. Rd2 Ng3 25. Kg2 Ne4 26. Re2 Nxc3 27. bxc3 Ra4
28. Nd2 Ra2 29. Kf2 Rc8 30. Nb3 Rxe2+ 31. Kxe2 Rxc3 32. Nc5+ Kc6 33. Bd2 Ra3
34. Bb4 Ra2+ 35. Bd2 a5 36. Nb3 a4 37. Na5+ Kb6 38. Kd1 Rxd2+ 0-1

[Event "Championnat de la Loire 2017-2018"]
[Site "Loire"]
[Date "2018.02.10"]
[Round "4.2"]
[White "Vier, Serge"]
[Black "Deville, Olivier"]
[Result "1-0"]
[WhiteElo "1580"]
[BlackElo "1870"]
[PlyCount "53"]
[EventDate "2018.??.??"]

1. d4 Nf6 2. Nf3 e6 3. c4 Bb4+ 4. Nc3 b6 5. Bg5 Bb7 6. e3 h6 7. Bh4 g5 8. Bg3
Ne4 9. Qc2 Bxc3+ 10. bxc3 d6 11. Be2 Nd7 12. O-O f5 13. Nd2 Qf6 14. Nxe4 Bxe4
15. Qa4 f4 16. f3 fxg3 17. fxe4 gxh2+ 18. Kxh2 Qg6 19. e5 g4 20. Rf6 Qh5+ 21.
Kg3 Ke7 22. Rxe6+ Kd8 23. exd6 Qa5 24. dxc7+ Kxc7 25. Qc6+ Kb8 26. Qxd7 Qxc3
27. Re7 1-0

[Event "Championnat de la Loire 2017-2018"]
[Site "Loire"]
[Date "2018.02.10"]
[Round "4.3"]
[White "Fauvin, David"]
[Black "Cursoux, Gerard"]
[Result "0-1"]
[WhiteElo "1526"]
[BlackElo "1821"]
[PlyCount "48"]
[EventDate "2018.??.??"]

1. c4 e5 2. Nc3 Nc6 3. Nf3 Bb4 4. Qc2 Nf6 5. e3 O-O 6. Be2 d6 7. O-O Bg4 8. Re1
Qd7 9. a3 Bxc3 10. Qxc3 e4 11. Nd4 Bxe2 12. Nxe2 Ne5 13. Nf4 Qg4 14. Kh1 g5 15.
d4 Nf3 16. gxf3 Qxf3+ 17. Ng2 Ng4 18. Qd2 Qh3 19. Kg1 Qxh2+ 20. Kf1 Qh1+ 21.
Ke2 Qxg2 22. Rf1 Nh2 23. Rd1 Qg4+ 24. Ke1 Nf3+ 0-1

[Event "Championnat de la Loire 2017-2018"]
[Site "Loire"]
[Date "2018.02.10"]
[Round "4.4"]
[White "Bumba, Ovidiu"]
[Black "Minchilli, Franco"]
[Result "1-0"]
[WhiteElo "1754"]
[BlackElo "1623"]
[PlyCount "123"]
[EventDate "2018.??.??"]

1. c4 c5 2. Nf3 Nc6 3. d4 cxd4 4. Nxd4 e6 5. Nc3 Nf6 6. a3 Be7 7. e4 d6 8. Be2
a6 9. O-O O-O 10. Be3 Bd7 11. Rc1 Ne5 12. f4 Nc6 13. b4 e5 14. Nf5 Bxf5 15.
exf5 e4 16. g4 Ne8 17. Nxe4 Kh8 18. Ng5 h6 19. Ne4 Nf6 20. Ng3 Re8 21. Qd2 Nh7
22. Bf3 Bf8 23. g5 hxg5 24. fxg5 Qe7 25. Bf4 Ne5 26. Bd5 g6 27. f6 Qd7 28. Kg2
Rad8 29. h3 Qa4 30. Qc3 Qd7 31. Rcd1 Qc7 32. Ne4 b5 33. cxb5 Qxc3 34. Nxc3 axb5
35. Nxb5 Rb8 36. Nd4 Rec8 37. Bxe5 dxe5 38. Nc6 Rb6 39. Nxe5 Nxg5 40. Bxf7 Rc2+
41. Kh1 Bd6 42. Bxg6 Re2 43. Rxd6 Rxd6 44. f7 Rd8 45. f8=Q+ Rxf8 46. Rxf8+ Kg7
47. Rf5 Nxh3 48. Rf7+ Kg8 49. Ng4 Ng5 50. Rf2 Re1+ 51. Kg2 Kg7 52. Bc2 Ne6 53.
a4 Nd4 54. Rd2 Ne6 55. Rd7+ Kf8 56. Kf2 Rc1 57. Ne3 Ke8 58. Rd1 Rxd1 59. Nxd1
Nd4 60. Bd3 Kd7 61. Ke3 Nb3 62. Bc4 1-0

[Event "Championnat de la Loire 2017-2018"]
[Site "Loire"]
[Date "2018.02.10"]
[Round "4.5"]
[White "Garon, Pierre"]
[Black "Carteron, Olivier"]
[Result "1-0"]
[WhiteElo "1842"]
[BlackElo "1471"]
[PlyCount "115"]
[EventDate "2018.??.??"]

1. d4 e6 2. Nf3 Nf6 3. Bg5 d5 4. e3 Be7 5. Nbd2 O-O 6. Bd3 b6 7. Qe2 c5 8. c3
a5 9. Ne5 Nfd7 10. Bxe7 Qxe7 11. f4 Ba6 12. Bxa6 Nxa6 13. O-O f6 14. Nef3 Nc7
15. Rad1 Rae8 16. e4 cxd4 17. Nxd4 a4 18. e5 fxe5 19. fxe5 Rxf1+ 20. Rxf1 Rf8
21. Re1 Qc5 22. Rc1 b5 23. N2f3 Rf4 24. Qc2 h6 25. Re1 Nb6 26. Kh1 Nd7 27. g3
Rf8 28. Kg2 Rf7 29. h4 Qb6 30. b4 axb3 31. axb3 Nc5 32. Nd2 Nd7 33. b4 Qa7 34.
N2b3 Qb6 35. Qe2 Re7 36. Ra1 Re8 37. Nc1 Nb8 38. Ncb3 Nd7 39. Ra5 Rb8 40. g4
Kf7 41. Nc1 Nf8 42. Kg3 Ng6 43. Ncb3 Ke7 44. Nd2 Rf8 45. N2f3 Nf4 46. Qa2 Kd7
47. Ra7 Kc8 48. Qa5 Qxa5 49. Rxa5 Nd3 50. Nxb5 Rxf3+ 51. Kxf3 Nxe5+ 52. Kf4 Nc6
53. Na7+ Nxa7 54. Rxa7 Kb8 55. Ra5 Kb7 56. Ke5 Kb6 57. h5 Kc6 58. Rc5+ 1-0

[Event "Championnat de la Loire 2017-2018"]
[Site "Loire"]
[Date "2018.02.10"]
[Round "4.6"]
[White "Joly, Christian"]
[Black "Frey, Thierry"]
[Result "0-1"]
[WhiteElo "1525"]
[BlackElo "1829"]
[PlyCount "50"]
[EventDate "2018.??.??"]

1. d4 Nf6 2. Nf3 g6 3. e3 Bg7 4. c4 O-O 5. Bd3 d6 6. O-O Nbd7 7. b3 e5 8. dxe5
Ng4 9. Bb2 Ndxe5 10. Nxe5 Nxe5 11. Nc3 Nxd3 12. Qxd3 Bf5 13. e4 Be6 14. Rab1 f5
15. Rfe1 c6 16. Re2 fxe4 17. Nxe4 Bxb2 18. Rbxb2 d5 19. cxd5 Bxd5 20. Nc3 Qg5
21. f3 Rxf3 22. Qd2 Qxd2 23. Rbxd2 Rxc3 24. Re7 Rf8 25. h3 Rf7 0-1

[Event "Championnat de la Loire 2017-2018"]
[Site "Loire"]
[Date "2018.02.10"]
[Round "4.7"]
[White "Boeuf, Jeremy"]
[Black "Boeuf, Jean-Julien"]
[Result "1-0"]
[WhiteElo "1605"]
[BlackElo "1487"]
[PlyCount "91"]
[EventDate "2018.??.??"]

1. Nc3 d5 2. e4 d4 3. Nce2 e5 4. Nf3 Nc6 5. Ng3 Bd6 6. a3 Nf6 7. Bc4 O-O 8. d3
a6 9. O-O Bg4 10. h3 Bh5 11. Nxh5 Nxh5 12. Nxe5 Nxe5 13. Qxh5 Nxc4 14. dxc4 Re8
15. Re1 Re5 16. Qg4 Qe8 17. Bh6 Bf8 18. Bd2 Rd8 19. f3 Qc6 20. b3 b5 21. cxb5
axb5 22. Rec1 Ra8 23. b4 Qb6 24. Kh1 c5 25. c3 d3 26. Qf4 Re7 27. Qe3 Rd7 28.
c4 bxc4 29. Rxc4 Qb5 30. Rcc1 c4 31. Rc3 g6 32. Rcc1 Rda7 33. Bc3 Qd7 34. Bb2
Rc8 35. Qd2 Rac7 36. Qc3 f6 37. Qxf6 Bg7 38. Qxg7+ Qxg7 39. Bxg7 Kxg7 40. Rc3
d2 41. Kg1 Rd8 42. Rd1 Rd3 43. Rxd3 cxd3 44. Kf2 Rc3 45. Rxd2 Rc2 46. Ke3 1-0

[Event "Championnat de la Loire 2017-2018"]
[Site "Loire"]
[Date "2018.02.10"]
[Round "4.9"]
[White "Mazet, Christian"]
[Black "Bragado, Kevin"]
[Result "1/2-1/2"]
[WhiteElo "1541"]
[BlackElo "1591"]
[PlyCount "48"]
[EventDate "2018.??.??"]

1. d4 d5 2. c4 c6 3. Bf4 e6 4. e3 Nf6 5. h3 Bb4+ 6. Nc3 Ne4 7. Qb3 Qa5 8. Rc1
Nd7 9. Nf3 O-O 10. Be2 Bd6 11. Bxd6 Nxd6 12. cxd5 exd5 13. O-O Nf6 14. Ne5 Qd8
15. Bd3 Re8 16. Qc2 Be6 17. b4 h6 18. b5 Rc8 19. bxc6 bxc6 20. Ba6 Rc7 21. Nb5
Nxb5 22. Bxb5 Bd7 23. Ba4 Ne4 24. Bb3 Nf6 1/2-1/2

[Event "Championnat de la Loire 2017-2018"]
[Site "Loire"]
[Date "2018.02.10"]
[Round "4.10"]
[White "Guichard, Thomas"]
[Black "Ben Habchi, Nordine"]
[Result "1-0"]
[WhiteElo "1661"]
[BlackElo "1266"]
[PlyCount "70"]
[EventDate "2018.??.??"]

1. d4 Nf6 2. Nf3 e6 3. e3 d5 4. Bd3 c5 5. b3 Bd6 6. O-O O-O 7. Bb2 Nc6 8. Nbd2
Qc7 9. a3 Ng4 10. Ng5 f5 11. h3 Nf6 12. f4 h6 13. Ngf3 Ne4 14. Ne5 cxd4 15.
exd4 Nxe5 16. fxe5 Be7 17. c4 Ng3 18. Rf3 Bh4 19. Nf1 f4 20. Qd2 Ne4 21. Bxe4
dxe4 22. Rxf4 Bg5 23. Rxf8+ Kxf8 24. Qe2 Qc6 25. Ne3 b6 26. Rf1+ Kg8 27. Qf2
Bb7 28. Bc1 Rd8 29. Qf7+ Kh7 30. d5 exd5 31. Nxd5 e3 32. Bxe3 Bxe3+ 33. Nxe3
Rd3 34. Qf5+ Kg8 35. Qxd3 a6 1-0

[Event "Championnat de la Loire 2017-2018"]
[Site "Loire"]
[Date "2018.02.10"]
[Round "4.11"]
[White "Pradel, Philippe"]
[Black "Megnot, Philippe"]
[Result "1-0"]
[WhiteElo "1653"]
[BlackElo "1457"]
[PlyCount "64"]
[EventDate "2018.??.??"]

1. e4 c5 2. Nc3 Nc6 3. g3 Nf6 4. Bg2 d6 5. h3 e5 6. d3 h6 7. Nge2 Be6 8. f4
exf4 9. Nxf4 Be7 10. O-O O-O 11. Ncd5 Qd7 12. Nxe6 fxe6 13. Nf4 Rf7 14. c3 Rc8
15. Qb3 d5 16. exd5 exd5 17. Be3 Kh8 18. Rae1 Bd6 19. Qc2 d4 20. Bc1 Re8 21.
Qf2 Rxe1 22. Qxe1 Bxf4 23. Rxf4 Re7 24. Qf1 Qe8 25. Be4 Qd7 26. Kg2 Nd8 27.
Rxf6 gxf6 28. Qxf6+ Rg7 29. Bxh6 Ne6 30. Bxg7+ Qxg7 31. Qxe6 dxc3 32. Qe8+ Qg8
1-0

[Event "Championnat de la Loire 2017-2018"]
[Site "Loire"]
[Date "2018.02.10"]
[Round "4.12"]
[White "Gloaguen, Loic"]
[Black "Bartomeu, Emmanuel"]
[Result "1-0"]
[WhiteElo "1389"]
[BlackElo "1497"]
[PlyCount "129"]
[EventDate "2018.??.??"]

1. Nc3 d5 2. e4 d4 3. Nce2 e5 4. Nf3 Nc6 5. Ng3 Bd6 6. a3 g6 7. Bc4 Na5 8. Ba2
Bg4 9. h3 Bxf3 10. Qxf3 Qf6 11. Qxf6 Nxf6 12. d3 h5 13. O-O Rh7 14. Ne2 O-O-O
15. f4 Nc6 16. fxe5 Bxe5 17. Bf4 Rd6 18. Rf3 Nd7 19. Raf1 f6 20. Bxe5 Ncxe5 21.
R3f2 g5 22. Ng3 h4 23. Nf5 Rb6 24. Bb3 c5 25. Rb1 g4 26. Ba4 gxh3 27. gxh3 Re6
28. Bxd7+ Kxd7 29. Rbf1 Kc6 30. Rf4 c4 31. Nxd4+ Kd6 32. Nxe6 Kxe6 33. Rxf6+
Ke7 34. dxc4 Nxc4 35. R6f4 Rg7+ 36. Rg4 Rh7 37. Rff4 Ne3 38. Rxh4 Rg7+ 39. Rhg4
Nxg4 40. hxg4 Ke6 41. Kf2 Ke5 42. Ke3 Rh7 43. Rf5+ Ke6 44. Kf4 Rh2 45. Rc5 Kd6
46. b4 b6 47. Rc3 Rf2+ 48. Kg5 Ke5 49. Rc7 Kxe4 50. Rxa7 Rxc2 51. Rb7 Rc6 52.
Rf7 Rc3 53. Rf6 Rxa3 54. Rxb6 Ra8 55. b5 Rg8+ 56. Rg6 Rb8 57. b6 Kd5 58. Kh6
Rb7 59. g5 Kc5 60. Rf6 Rb8 61. g6 Rh8+ 62. Kg7 Rb8 63. Kh7 Rb7+ 64. g7 Kd5 65.
Kh8 1-0

[Event "Championnat de la Loire 2017-2018"]
[Site "Loire"]
[Date "2018.02.08"]
[Round "4.13"]
[White "Hong, Shawn"]
[Black "Dos Santos, Lilian"]
[Result "1-0"]
[WhiteElo "1328"]
[BlackElo "1315"]
[PlyCount "123"]
[EventDate "2018.??.??"]

1. e4 e5 2. Nf3 Nc6 3. Bc4 h6 4. d3 Nf6 5. Be3 Be7 6. c3 O-O 7. h3 d5 8. exd5
Nxd5 9. O-O Nxe3 10. fxe3 a6 11. Bb3 b6 12. Na3 b5 13. d4 exd4 14. exd4 Bf6 15.
Qd3 Ne7 16. Rae1 Bf5 17. Qe3 Nd5 18. Bxd5 Qxd5 19. Ne5 Bg5 20. Qf3 Qxf3 21.
Nxf3 Bf6 22. Ne5 Be6 23. b3 Rfb8 24. Nc2 a5 25. Ra1 b4 26. cxb4 axb4 27. Nc6
Rb6 28. N6xb4 Bxd4+ 29. Nxd4 Rxb4 30. Nxe6 fxe6 31. Rfc1 Rc8 32. Rc4 c5 33.
Rac1 Rb5 34. b4 Rxb4 35. Rxb4 Kf7 36. Rb5 c4 37. Rb2 e5 38. Rbc2 Ke6 39. Rxc4
Rxc4 40. Rxc4 Kd5 41. Rc1 Ke4 42. a4 Kd3 43. a5 e4 44. a6 Kd2 45. Rc7 e3 46.
Re7 e2 47. Rxe2+ Kxe2 48. a7 Kd3 49. a8=Q Kd4 50. Qe8 Kd5 51. Kf2 Kd4 52. Qe6
Kd3 53. Qe3+ Kc4 54. Qd2 Kc5 55. Qd7 g5 56. Ke3 Kc4 57. Qd6 Kc3 58. Qd4+ Kc2
59. Qd3+ Kb2 60. Kd2 Ka2 61. Kc2 Ka1 62. Qa3# 1-0

[Event "Championnat de la Loire 2017-2018"]
[Site "Loire"]
[Date "2018.02.10"]
[Round "4.14"]
[White "Becquey, Baptiste"]
[Black "Samuel, Christian"]
[Result "0-1"]
[WhiteElo "1240"]
[BlackElo "1762"]
[PlyCount "64"]
[EventDate "2018.??.??"]

1. e4 c5 2. Bc4 d6 3. Nc3 e6 4. d4 cxd4 5. Qxd4 Nc6 6. Bb5 Bd7 7. Bxc6 bxc6 8.
Nf3 e5 9. Qc4 h6 10. O-O Nf6 11. Rd1 Be7 12. b4 O-O 13. a4 Re8 14. Be3 d5 15.
exd5 cxd5 16. Qb3 d4 17. Bxd4 exd4 18. Rxd4 Qc7 19. Rd3 Be6 20. Qb2 Red8 21.
Rc1 a6 22. Nd4 Bc4 23. Rd2 Ng4 24. g3 Bf6 25. Ne4 Be7 26. Nf5 Nf6 27. Rxd8+
Qxd8 28. Nxe7+ Qxe7 29. Qd4 Qxe4 30. Qb6 Bd5 31. f3 Qxf3 32. Qf2 Qh1# 0-1

[Event "Championnat de la Loire 2017-2018"]
[Site "Loire"]
[Date "2018.02.10"]
[Round "4.15"]
[White "Choquelle, Jean"]
[Black "Schuhmann, Alain"]
[Result "0-1"]
[WhiteElo "1160"]
[BlackElo "1500"]
[PlyCount "36"]
[EventDate "2018.??.??"]

1. d4 d5 2. c4 e6 3. Nf3 Nf6 4. e3 Be7 5. Be2 O-O 6. O-O Bd7 7. b3 Nc6 8. a3
Re8 9. c5 b6 10. b4 bxc5 11. bxc5 Ne4 12. Qc2 Rb8 13. Bd2 Bf6 14. Bc3 Be7 15.
Bd3 f5 16. Ne5 Nxe5 17. dxe5 Nxc5 18. Nd2 Nxd3 0-1

[Event "Championnat de la Loire 2017-2018"]
[Site "Loire"]
[Date "2018.02.10"]
[Round "4.16"]
[White "Zaouak, Fahim"]
[Black "LIBIZEKWSKY, Chrisian"]
[Result "1-0"]
[WhiteElo "1227"]
[BlackElo "1495"]
[PlyCount "59"]
[EventDate "2018.??.??"]

1. d4 d5 2. e3 Nf6 3. Bd3 c6 4. f4 e6 5. Nf3 Nbd7 6. O-O Be7 7. Nbd2 O-O 8. c3
c5 9. Ne5 Ne8 10. Rf3 f5 11. Rh3 Ndf6 12. g4 Nxg4 13. Nxg4 fxg4 14. Bxh7+ Kf7
15. Qxg4 Bf6 16. e4 e5 17. Qg6+ Ke6 18. fxe5 Ke7 19. Rh5 Be6 20. exf6+ Rxf6 21.
Qg5 Kd7 22. exd5 Bf7 23. Qg4+ Kc7 24. Qg3+ Kd7 25. Re5 Rd6 26. dxc5 Rxd5 27.
Bf5+ Kc6 28. Be4 Kxc5 29. Nb3+ Kc6 30. c4 1-0

[Event "Championnat de la Loire 2017-2018"]
[Site "Loire"]
[Date "2018.02.10"]
[Round "4.18"]
[White "Mialon, Franck"]
[Black "Brachet, Gerard"]
[Result "0-1"]
[WhiteElo "1311"]
[BlackElo "1428"]
[PlyCount "48"]
[EventDate "2018.??.??"]

1. e4 e5 2. Nf3 Nc6 3. Bc4 Be7 4. O-O Nf6 5. c3 O-O 6. d4 exd4 7. cxd4 Nxe4 8.
Nc3 Nxc3 9. bxc3 d5 10. Bb3 Bg4 11. Qd3 Qd6 12. a4 a5 13. Bb2 Rae8 14. Ne5 Nxe5
15. dxe5 Qxe5 16. Rab1 Bf5 17. Qf3 Bxb1 18. Rxb1 c6 19. c4 d4 20. Bc2 Bb4 21.
h3 Re6 22. Qg4 Bd6 23. g3 c5 24. Kh2 Qe2 0-1

[Event "Championnat de la Loire 2017-2018"]
[Site "Loire"]
[Date "2018.02.10"]
[Round "4.20"]
[White "Martin, Julien"]
[Black "Barrandon, Georges"]
[Result "1-0"]
[WhiteElo "1426"]
[BlackElo "1312"]
[PlyCount "143"]
[EventDate "2018.??.??"]

1. e4 c5 2. Nf3 d6 3. d4 cxd4 4. Bb5+ Bd7 5. Bxd7+ Nxd7 6. Qxd4 e5 7. Qc4 Rc8
8. Qb3 Nc5 9. Qb5+ Qd7 10. Qe2 Nf6 11. Nc3 a6 12. O-O Be7 13. Rd1 Qc7 14. Nd5
Nxd5 15. Rxd5 O-O 16. Qc4 Qc6 17. Be3 b5 18. Qb4 f5 19. Bxc5 dxc5 20. Qb3 c4
21. Qe3 f4 22. Qc3 b4 23. Qxe5 Bf6 24. Qh5 Bxb2 25. Rad1 Bf6 26. e5 Be7 27. Ng5
Qg6 28. Qxg6 hxg6 29. Ne6 Rf7 30. Rd7 Rc6 31. Nxf4 Rxf4 32. Rxe7 Re4 33. Kf1
Rc5 34. Rdd7 Rcxe5 35. Rxg7+ Kf8 36. g3 Re7 37. Rgxe7 Rxe7 38. Rd6 a5 39. Rxg6
Re5 40. h4 a4 41. Rb6 b3 42. axb3 a3 43. Ra6 cxb3 44. cxb3 a2 45. Rxa2 Rb5 46.
Ra6 Rxb3 47. h5 Rf3 48. Rg6 Rf7 49. g4 Rh7 50. f4 Kf7 51. Kf2 Rg7 52. Rxg7+
Kxg7 53. Kg3 Kf6 54. Kh4 Kg7 55. Kg5 Kh7 56. f5 Kg7 57. f6+ Kf7 58. h6 Kg8 59.
Kg6 Kh8 60. Kf7 Kh7 61. g5 Kh8 62. h7 Kxh7 63. g6+ Kh6 64. g7 Kg5 65. g8=Q+ Kf5
66. Qe8 Kf4 67. Kg6 Kg4 68. Qe4+ Kg3 69. Kg5 Kf2 70. Kg4 Kg1 71. Kf3 Kh2 72.
Qh4+ 1-0